| 000 | 00616nam a2200181Ia 4500 | ||
|---|---|---|---|
| 005 | 20260429112237.0 | ||
| 008 | 260429s9999||||xx |||||||||||||| ||und|| | ||
| 020 | _a9788196706074 | ||
| 041 | _aHindi | ||
| 082 |
_a294.543 _bMIS |
||
| 100 | _aमिश्र, भगवती शरण | ||
| 245 | 0 |
_aहिमालय का योगी / _cभगवती शरण मिश्र |
|
| 250 | _a2nd ed. | ||
| 260 |
_aनई दिल्ली : _bप्रकाशन संस्थान, _c2023. |
||
| 300 | _a272 p.; Hb | ||
| 650 | _aआध्यात्मिक साहित्य | ||
| 942 | _cTB | ||
| 999 |
_c53088 _d53088 |
||